Tools of Terror: Light Weapons and India's Security (Record no. 220709)
[ view plain ]
| 000 -LEADER | |
|---|---|
| fixed length control field | 00611nam a22002177a 4500 |
| 005 - DATE AND TIME OF LATEST TRANSACTION | |
| control field | 20211123091720.0 |
| 008 - FIXED-LENGTH DATA ELEMENTS--GENERAL INFORMATION | |
| fixed length control field | 211123b ||||| |||| 00| 0 eng d |
| 020 ## - INTERNATIONAL STANDARD BOOK NUMBER | |
| International Standard Book Number | 8186019154 |
| 040 ## - CATALOGING SOURCE | |
| Transcribing agency | AL |
| 082 ## - DEWEY DECIMAL CLASSIFICATION NUMBER | |
| Edition number | 23 |
| Classification number | 355.82 |
| Item number | KART |
| 100 ## - MAIN ENTRY--PERSONAL NAME | |
| Personal name | Tara Kartha |
| 9 (RLIN) | 10731 |
| 245 ## - TITLE STATEMENT | |
| Title | Tools of Terror: Light Weapons and India's Security |
| 260 ## - PUBLICATION, DISTRIBUTION, ETC. | |
| Place of publication, distribution, etc. | New Delhi |
| Name of publisher, distributor, etc. | Knowledge World |
| Date of publication, distribution, etc. | 1999 |
| 300 ## - PHYSICAL DESCRIPTION | |
| Extent | x,357 p. |
| Other physical details | HB |
| Dimensions | 24x16 cm. |
| 650 ## - SUBJECT ADDED ENTRY--TOPICAL TERM | |
| Topical term or geographic name entry element | Military Science |
| 9 (RLIN) | 10732 |
| 650 ## - SUBJECT ADDED ENTRY--TOPICAL TERM | |
| Topical term or geographic name entry element | Light Weapons |
| 9 (RLIN) | 10733 |
| 650 ## - SUBJECT ADDED ENTRY--TOPICAL TERM | |
| Topical term or geographic name entry element | Drugs |
| 9 (RLIN) | 10734 |
| 650 ## - SUBJECT ADDED ENTRY--TOPICAL TERM | |
| Topical term or geographic name entry element | Small Arms |
| 9 (RLIN) | 10735 |
| 700 ## - ADDED ENTRY--PERSONAL NAME | |
| Personal name | KARTHA (Tara) |
| 9 (RLIN) | 10736 |
| 942 ## - ADDED ENTRY ELEMENTS (KOHA) | |
| Source of classification or shelving scheme | Dewey Decimal Classification |
| Koha item type | George Fernandes Collections |
| Withdrawn status | Lost status | Source of classification or shelving scheme | Damaged status | Not for loan | Collection code | Home library | Current library | Date acquired | Total Checkouts | Full call number | Barcode | Date last seen | Price effective from | Koha item type |
|---|---|---|---|---|---|---|---|---|---|---|---|---|---|---|
| Dewey Decimal Classification | Others | St Aloysius Library | St Aloysius Library | 03/24/2013 | 355.82 KART | GF00540 | 11/23/2021 | 11/23/2021 | George Fernandes Collections |